Normal view
MARC view
- AJNA ALAVUDEEN
Entry Personal Name
001 - CONTROL NUMBER
- control field: 3836
003 - CONTROL NUMBER IDENTIFIER
- control field: OSt
005 - DATE AND TIME OF LATEST TRANSACTION
- control field: 20181101133241.0
008 - FIXED-LENGTH DATA ELEMENTS
- fixed length control field: 181101|| aca||aabn | a|a d
040 ## - CATALOGING SOURCE
- Original cataloging agency: OSt
- Transcribing agency: OSt
100 ## - HEADING--PERSONAL NAME
- Personal name: AJNA ALAVUDEEN
670 ## - SOURCE DATA FOUND
- Source citation: Work cat.: (OSt)15099: AJNA ALAVUDEEN AKSHARA PRAKASH RAHUL K REMYASREE P. T, Development and quality evaluation of gluten free pasta
